Libre de Blanquerna, escrit a Montpeller devers lany MCCLXXXIIII / Ramon Lull ; transcripció directa amb facsimils, proemi, mostres d'escriptura i variants dels més vells manuscrits per Salvador Galmés i en Miquel Ferrà
Descripción Física:
XX, 512 p. : facsím. ; 25 cm
Colección:
Obres de Ramon Lull ; 9
MARC
| LEADER | 00000nam a2200000Ia 4500 | ||
|---|---|---|---|
| 001 | 14580 | ||
| 008 | 160829s1914 xx 000 0 cat d | ||
| 080 | |a L-1-414 | ||
| 100 | |a Llull, Ramon |9 64834 | ||
| 245 | |a Libre de Blanquerna, escrit a Montpeller devers lany MCCLXXXIIII / Ramon Lull ; transcripció directa amb facsimils, proemi, mostres d'escriptura i variants dels més vells manuscrits per Salvador Galmés i en Miquel Ferrà | ||
| 250 | |a Ed. original | ||
| 260 | |a Palma de Mallorca : |b Comissió Editora Lulliana, |c 1914 | ||
| 300 | |a XX, 512 p. : |b facsím. ; |c 25 cm | ||
| 490 | |a Obres de Ramon Lull ; 9 | ||
| 590 | |a Notes. | ||
| 590 | |a Precedeix el títol: Obres originals del illuminat doctor mestre Ramon Lull. | ||
| 590 | |a Edició feta en vista dels millors y més antics manuscrits | ||
| 700 | |a Galmés, Salvador |9 37852 | ||
| 700 | |a Ferrà, Miquel |9 37853 | ||
| 901 | |a Arxiu | ||
| 942 | |n 1 | ||
| 952 | |0 0 |1 0 |4 0 |6 L1414 |7 1 |9 48119 |a Arxiu |b Arxiu |d 2016-12-01 |l 0 |o L-1-414 |p 14580 |r 2016-12-01 00:00:00 |w 2016-12-01 |y ARXIU | ||
| 999 | |c 51922 |d 51922 | ||